| 000 | 01504nam a2200385 a 4500 | ||
|---|---|---|---|
| 001 | ebr10509460 | ||
| 003 | CaPaEBR | ||
| 006 | m u | ||
| 007 | cr cn||||||||| | ||
| 008 | 001012s2000 ne a sb 001 0 eng d | ||
| 010 | _z 00050828 | ||
| 020 | _z1588110397 | ||
| 020 | _z9027252440 (Eur.) | ||
| 020 | _z9789027252449 | ||
| 020 | _z9789027275455 (e-book) | ||
| 040 |
_aCaPaEBR _cCaPaEBR |
||
| 035 | _a(OCoLC)769188768 | ||
| 041 | 0 |
_aeng _afre |
|
| 050 | 1 | 4 |
_aPM7831 _b.D43 2000eb |
| 082 | 0 | 4 |
_a417/.22 _221 |
| 245 | 0 | 0 |
_aDegrees of restructuring in Creole languages _h[electronic resource] / _cedited by Ingrid Neumann-Holzschuh, Edgar W. Schneider. |
| 260 |
_aAmsterdam ; _aPhiladelphia : _bJ. Benjamins, _cc2000. |
||
| 300 |
_a492 p. : _bill. |
||
| 490 | 1 |
_aCreole language library, _x0920-9026 ; _vv. 22 |
|
| 504 | _aIncludes bibliographical references and indexes. | ||
| 533 |
_aElectronic reproduction. _bPalo Alto, Calif. : _cebrary, _d2013. _nAvailable via World Wide Web. _nAccess may be limited to ebrary affiliated libraries. |
||
| 546 | _aChiefly English and French. | ||
| 650 | 0 |
_aCreole dialects _xHistory. |
|
| 655 | 7 |
_aElectronic books. _2local |
|
| 700 | 1 | _aNeumann-Holzschuh, Ingrid. | |
| 700 | 1 |
_aSchneider, Edgar W. _q(Edgar Werner), _d1954- |
|
| 710 | 2 | _aebrary, Inc. | |
| 830 | 0 |
_aCreole language library ; _vv. 22. |
|
| 856 | 4 | 0 |
_uhttp://site.ebrary.com/lib/rucke/Doc?id=10509460 _zAn electronic book accessible through the World Wide Web; click to view |
| 999 |
_c217283 _d217283 |
||